[Event "AUTO-MASTER-323"]
[Site "http://www.queenalice.com/game.php?id=219836"]
[Date "2007.6.2"]
[Round "1"]
[White "Francisco"]
[Black "Alfram"]
[Result "1-0"]
[WhiteElo "2129"]
[BlackElo "1943"]

1. e4 c5 2. c3 Nf6 3. e5 Nd5 4. Nf3 Nc6 5. Bc4 Nb6 6. Bb3 d5 7. exd6 Qxd6 8. O-O
Bg4 9. Bxf7+ Kd8 10. h3 Ne5 11. hxg4 Nxf7 12. d4 Rc8 13. Be3 c4 14. Na3 a6 15.
Ne5 Ke8 16. Bf4 Nxe5 17. Bxe5 Qd5 18. Qe2 Nd7 19. Rfe1 Nxe5 20. Qxe5 Qxe5 21.
Rxe5 b5 22. Rae1 g6 23. Nc2 h5 24. gxh5 gxh5 25. Nb4 Rh6 26. Nd5 Rh7 27. Nf6+
1-0

[Event "AUTO-MASTER-323"]
[Site "http://www.queenalice.com/game.php?id=219837"]
[Date "2007.6.2"]
[Round "1"]
[White "Alfram"]
[Black "Francisco"]
[Result "0-1"]
[WhiteElo "1956"]
[BlackElo "2113"]

1. e4 c6 2. d4 d5 3. Nc3 dxe4 4. Nxe4 Bf5 5. Ng3 Bg6 6. Nf3 Nd7 7. Bd3 e6 8. O-O
Ngf6 9. Bg5 Bd6 10. Re1 Bxd3 11. Qxd3 h6 12. Be3 Qc7 13. a3 h5 14. h3 Bxg3 15.
fxg3 Qxg3 16. Bf2 Qc7 17. Ne5 Nxe5 18. dxe5 Nd5 19. Qg3 O-O-O 20. Bc5 Rdg8 21.
c4 Ne7 22. Qf2 Nf5 23. Bxa7 g5 24. Bb6 Qe7 25. a4 g4 26. Ra3 gxh3 27. Rxh3 Rg4
28. b3 Rhg8 29. Rxh5 Qb4 30. Rd1 Rxg2+ 31. Qxg2 Qxb6+ 0-1

[Event "AUTO-MASTER-323"]
[Site "http://www.queenalice.com/game.php?id=219850"]
[Date "2007.6.2"]
[Round "1"]
[White "Rusty"]
[Black "Alfram"]
[Result "1-0"]
[WhiteElo "2349"]
[BlackElo "1932"]

1. d4 Nf6 2. c4 e6 3. Nc3 d5 4. Bg5 Be7 5. e3 O-O 6. Nf3 Nbd7 7. Rc1 c6 8. Bd3
dxc4 9. Bxc4 Nd5 10. Bxe7 Qxe7 11. Ne4 b6 12. O-O Bb7 13. Qd3 h6 14. Rfd1 N7f6
15. Nxf6+ Nxf6 16. Ba6 Rfd8 17. Bxb7 Qxb7 18. b4 a5 19. Ne5 Rdc8 20. Nc4 Ne8 21.
bxa5 bxa5 22. Qe4 Ra7 23. Ne5 Nf6 24. Qf3 Nd5 25. Rc2 Nb4 26. Rb1 Qa8 27. Rc5
Nd5 28. Rbc1 Rac7 29. Nc4 Ra7 30. e4 Rd8 31. exd5 cxd5 32. Ne5 Rf8 33. Nc6 Rc7
34. Qf4 a4 35. Qxc7 1-0

[Event "AUTO-MASTER-323"]
[Site "http://www.queenalice.com/game.php?id=219851"]
[Date "2007.6.2"]
[Round "1"]
[White "Alfram"]
[Black "Rusty"]
[Result "0-1"]
[WhiteElo "1977"]
[BlackElo "2370"]

1. e4 e5 2. Nf3 Nc6 3. Bb5 a6 4. Ba4 Nf6 5. d3 d6 6. c3 g6 7. O-O Bg7 8. h3 O-O
9. Bg5 Be6 10. Nbd2 h6 11. Be3 Re8 12. Re1 Bd7 13. Nf1 Qe7 14. Bc2 d5 15. Qc1
Kh7 16. Ng3 Rad8 17. Bd2 Be6 18. exd5 Bxd5 19. Ne4 Nd7 20. c4 Be6 21. Bc3 f5 22.
Ned2 Qd6 23. a3 a5 24. Rb1 a4 25. Nf1 Nc5 26. Rd1 f4 27. Qd2 Bf5 28. Nh4 Bxd3
29. Bxd3 Nxd3 30. Qc2 e4 31. Bxg7 Kxg7 32. Rd2 Nd4 33. Qd1 Nb3 34. g3 Qe6 35.
Qg4 Qxg4 36. hxg4 Nxd2 37. Nxd2 Nxf2 38. Kxf2 Rxd2+ 39. Ke1 Rh2 0-1

[Event "AUTO-MASTER-323"]
[Site "http://www.queenalice.com/game.php?id=219858"]
[Date "2007.6.2"]
[Round "1"]
[White "Blackadder"]
[Black "Alfram"]
[Result "0-1"]
[WhiteElo "1721"]
[BlackElo "1987"]

1. d4 e6 2. c4 d5 3. cxd5 exd5 4. Nc3 Nf6 5. Bg5 Be7 6. Nf3 O-O 7. e3 Nbd7 8.
Bd3 Re8 9. O-O Nf8 10. Qc2 c6 11. Rfe1 Ne4 12. Bxe4 Bxg5 13. Nxg5 Qxg5 14. Bf3
Bg4 15. Bxg4 Qxg4 16. Qe2 Qxe2 0-1

[Event "AUTO-MASTER-323"]
[Site "http://www.queenalice.com/game.php?id=219859"]
[Date "2007.6.2"]
[Round "1"]
[White "Alfram"]
[Black "Blackadder"]
[Result "1-0"]
[WhiteElo "1932"]
[BlackElo "1924"]

1. d4 d5 2. Nc3 Nf6 3. Nf3 Bg4 4. h3 Bh5 5. Bf4 c6 6. e3 Nbd7 7. Be2 e6 8. O-O
Be7 9. Ne5 Bxe2 10. Qxe2 O-O 11. Rad1 Nxe5 12. Bxe5 Nd7 13. Bg3 a5 14. e4 b5 15.
exd5 exd5 16. a4 b4 17. Nb1 Re8 18. Rfe1 Bf6 19. Qxe8+ Qxe8 20. Rxe8+ Rxe8 21.
Kf1 g6 22. Bc7 Bd8 23. Bxd8 Rxd8 24. Nd2 Nb6 25. b3 Re8 26. Re1 Kf8 27. Rxe8+
Kxe8 28. Nf3 f6 29. Ke2 Ke7 30. g4 Nc8 31. Ne1 Nd6 32. f3 f5 33. Nd3 fxg4 34.
fxg4 Ne4 35. Ke3 Kd6 36. h4 h6 37. Ne5 h5 38. g5 c5 39. Nxg6 cxd4+ 40. Kxd4 Ng3
41. Nf4 Nf5+ 42. Kd3 Nxh4 43. g6 Nf5 44. Nxh5 Ke6 45. g7 Kf7 46. c3 bxc3 47.
Kxc3 d4+ 48. Kc4 Kg8 49. b4 axb4 50. Kxb4 d3 51. Kc3 1-0

[Event "Challenge"]
[Site "http://www.queenalice.com/game.php?id=228886"]
[Date "2007.6.22"]
[Round "-"]
[White "luizpessoa"]
[Black "Alfram"]
[Result "0-1"]
[WhiteElo "1672"]
[BlackElo "1950"]

1. c4 e5 2. Nc3 Nf6 3. e4 c5 4. Nf3 Nc6 5. d3 d6 6. Bg5 Be7 7. Nd5 Nxd5 8. cxd5
Bxg5 9. dxc6 bxc6 10. Be2 Be7 11. h3 O-O 12. O-O Qc7 13. Qc1 h6 14. a3 Bb7 15.
b4 cxb4 16. axb4 Rfc8 17. d4 c5 18. bxc5 dxc5 19. d5 a5 20. Qc3 Bd6 21. Nh4 g6
22. Qg3 Ba6 23. Bxa6 Rxa6 24. Nxg6 Kh7 25. Nh4 Rg8 26. Qf3 Qd7 27. Nf5 a4 28.
Qh5 Bf8 29. Rfc1 Rg5 30. Qf3 Qc7 31. h4 Rg8 32. g4 Rxg4+ 33. Qxg4 Rg6 34. Qxg6+
fxg6 35. Ne3 Qd7 36. Kg2 h5 37. Rc4 Kh6 38. Raxa4 Qd8 39. Rc2 Qxh4 40. Rc1 Qg5+
41. Kf1 Qf4 42. Rb1 Qf3 43. Rb6 h4 44. Nf5+ Kg5 45. Raa6 Qh1+ 46. Ke2 Qxe4+ 47.
Ne3 h3 48. Rxg6+ Qxg6 49. Rxg6+ Kxg6 50. Kf1 Bh6 51. Nc4 Bf4 52. d6 Kf7 53. Nb6
Ke8 54. Na4 c4 55. Nc3 Kd7 56. Ne2 Kxd6 57. f3 Kc5 58. Kf2 Kb4 59. Kg1 c3 60.
Nxc3 Kxc3 61. Kf2 Kd2 62. Kf1 Ke3 63. Kg1 Kxf3 64. Kh1 e4 0-1

[Event "AUTO-OPEN-615"]
[Site "http://www.queenalice.com/game.php?id=266030"]
[Date "2007.9.3"]
[Round "2"]
[White "IMS"]
[Black "Alfram"]
[Result "0-1"]
[WhiteElo "2025"]
[BlackElo "2043"]

1. e4 c5 2. Nf3 d6 3. d4 cxd4 4. Nxd4 Nf6 5. Nc3 a6 6. Bg5 e6 7. Qf3 h6 8. Bh4
Nbd7 9. O-O-O Be7 10. Be2 Ne5 11. Qh3 Ng6 12. Bg3 Qa5 13. f4 e5 14. Nf5 Bf8 15.
fxe5 dxe5 16. Be1 Qc7 17. Qf3 Nf4 18. g4 g6 19. Ne3 Be6 20. Rf1 Bd6 21. Bb5+ Kf8
22. Bd3 Rc8 23. Kb1 Kg7 24. Ned5 N6xd5 0-1

[Event "AUTO-OPEN-615"]
[Site "http://www.queenalice.com/game.php?id=266031"]
[Date "2007.9.3"]
[Round "2"]
[White "Alfram"]
[Black "IMS"]
[Result "1-0"]
[WhiteElo "2026"]
[BlackElo "2042"]

1. e4 c5 2. Nf3 Nf6 3. Nc3 d6 4. d4 cxd4 5. Nxd4 a6 6. Bg5 e6 7. f4 Qb6 8. Nb3
Nbd7 9. Qf3 Be7 10. O-O-O Qc7 11. Bd3 b5 12. a3 Bb7 13. Qe2 h6 14. Bh4 O-O-O 15.
Be1 Nc5 16. Nxc5 dxc5 17. Qe3 c4 18. Be2 Rxd1+ 19. Bxd1 Bc5 20. Qg3 Nxe4 21.
Nxe4 Bxe4 22. Bd2 Rd8 23. Be3 g6 24. Re1 Bxe3+ 25. Rxe3 Qd7 26. Qe1 Bxg2 27. Bf3
Bxf3 28. Rxf3 Qd5 29. Rf2 Qd4 30. c3 Qd3 31. Qe2 1-0

[Event "AUTO-OPEN-615"]
[Site "http://www.queenalice.com/game.php?id=266036"]
[Date "2007.9.3"]
[Round "2"]
[White "mafbueno"]
[Black "Alfram"]
[Result "0-1"]
[WhiteElo "1814"]
[BlackElo "1975"]

1. e4 e5 2. Nf3 Nc6 3. Bc4 Nf6 4. d3 Be7 5. O-O O-O 6. Nc3 d6 7. Be3 Na5 8. Bb3
Nxb3 9. axb3 a6 10. d4 exd4 11. Nxd4 c6 12. Nce2 Nxe4 13. f3 Nf6 14. Ng3 Re8 15.
Qd3 Qc7 16. Ndf5 Bf8 17. Bf4 Nd5 18. Bd2 Bxf5 19. Nxf5 Re6 20. c4 Ne7 21. Bc3
Nxf5 22. Qxf5 Rae8 23. Rae1 Rxe1 24. Rxe1 Rxe1+ 25. Bxe1 Qb6+ 26. Kf1 Qxb3 27.
Qg4 Qxb2 0-1

[Event "AUTO-OPEN-615"]
[Site "http://www.queenalice.com/game.php?id=266037"]
[Date "2007.9.3"]
[Round "2"]
[White "Alfram"]
[Black "mafbueno"]
[Result "1-0"]
[WhiteElo "1985"]
[BlackElo "1790"]

1. e4 d5 2. exd5 Qxd5 3. Nc3 Qa5 4. d4 Nf6 5. Bd2 c6 6. Ne4 Qc7 7. Nxf6+ gxf6 8.
Bc4 Bf5 9. Nf3 e6 10. c3 Nd7 11. Qe2 Bd6 12. Nh4 Bg6 13. Nxg6 hxg6 14. h3 O-O-O
15. O-O-O Bf4 16. Bb3 Bxd2+ 17. Qxd2 g5 18. Rhe1 Rh4 19. f3 Qf4 20. Re4 Qxd2+
21. Kxd2 Rxe4 22. fxe4 Ne5 23. Rf1 Nd7 24. Ke3 Kc7 25. a4 Rh8 26. Rh1 g4 27. h4
Kd6 28. Kf4 Rg8 29. h5 Nf8 30. g3 Rg5 31. Bd1 Nh7 32. Rh4 e5+ 33. dxe5+ fxe5+
34. Ke3 Ke6 35. Bxg4+ Kd6 36. Kf3 b5 37. axb5 cxb5 38. Bf5 Nf6 39. h6 Ke7 40. h7
Nxh7 41. Rxh7 a5 42. Rh8 1-0

[Event "AUTO-MASTER-434"]
[Site "http://www.queenalice.com/game.php?id=321900"]
[Date "2007.12.17"]
[Round "1"]
[White "DeepFalcon"]
[Black "Alfram"]
[Result "1-0"]
[WhiteElo "2148"]
[BlackElo "2058"]

1. d4 d5 2. Nf3 Nf6 3. c4 c6 4. Nc3 dxc4 5. a4 Bf5 6. e3 e6 7. Bxc4 Bb4 8. O-O
O-O 9. Qe2 Ne4 10. Bd2 Nd7 11. Nxe4 Be7 12. Ng3 Bg6 13. b4 Nb6 14. Bd3 Bxd3 15.
Qxd3 Nd5 16. Rfb1 h6 17. e4 Nf6 18. Qc2 Qc7 19. Rc1 Rac8 20. Qb3 Nd7 21. Be3 Qb8
22. e5 Nb6 23. b5 cxb5 24. axb5 Nd5 25. Bd2 Rxc1+ 26. Rxc1 Rc8 27. Rxc8+ Qxc8
28. h3 b6 29. Nf1 a5 30. Ne3 Nxe3 31. Bxe3 Bb4 32. d5 exd5 33. Qxd5 Bc5 34. Bxc5
bxc5 35. Qc6 Qd8 36. b6 1-0

[Event "AUTO-MASTER-434"]
[Site "http://www.queenalice.com/game.php?id=321901"]
[Date "2007.12.17"]
[Round "1"]
[White "Alfram"]
[Black "DeepFalcon"]
[Result "1-0"]
[WhiteElo "2046"]
[BlackElo "2116"]

1. e4 c6 2. d4 d5 3. Nc3 dxe4 4. Nxe4 Bf5 5. Ng3 Bg6 6. h4 h6 7. Nf3 Nd7 8. h5
Bh7 9. Bd3 Bxd3 10. Qxd3 Qc7 11. Bd2 e6 12. O-O-O Ngf6 13. Ne4 Nxe4 14. Qxe4 Nf6
15. Qe2 O-O-O 16. g3 Bd6 17. c4 c5 18. dxc5 Bxc5 19. Bf4 Bd6 20. Rxd6 Rxd6 21.
Bxd6 Qxd6 22. Ne5 Qc7 23. Kb1 Rd8 24. Rc1 Rd4 25. f4 Kb8 26. c5 Rd5 27. c6 b6
28. Rd1 Qd6 29. Rc1 Rc5 30. Rxc5 Qxc5 31. Qd1 Qd5 32. Qxd5 exd5 33. g4 Kc7 34.
Kc2 1-0

[Event "AUTO-MASTER-434"]
[Site "http://www.queenalice.com/game.php?id=321916"]
[Date "2007.12.17"]
[Round "1"]
[White "Alfram"]
[Black "Petrozan"]
[Result "1-0"]
[WhiteElo "1977"]
[BlackElo "2214"]

1. e4 c5 2. Nf3 d6 3. d4 cxd4 4. Nxd4 Nf6 5. Nc3 a6 6. Bg5 e6 7. f4 Be7 8. Qf3
Qc7 9. O-O-O Nbd7 10. g4 O-O 11. Bxf6 Nxf6 12. g5 Nd7 13. h4 1-0

[Event "AUTO-MASTER-434"]
[Site "http://www.queenalice.com/game.php?id=321917"]
[Date "2007.12.17"]
[Round "1"]
[White "Petrozan"]
[Black "Alfram"]
[Result "0-1"]
[WhiteElo "2195"]
[BlackElo "2002"]

1. e4 e5 2. Nf3 Nc6 3. Bb5 a6 4. Ba4 Nf6 5. d4 exd4 6. e5 Ne4 7. Qe2 Bb4+ 8. Kf1
Nc5 9. Bg5 Ne7 10. Qc4 Nxa4 11. Qxb4 Nb6 12. Qxd4 O-O 13. a4 d6 14. exd6 cxd6
0-1

[Event "AUTO-MASTER-434"]
[Site "http://www.queenalice.com/game.php?id=321918"]
[Date "2007.12.17"]
[Round "1"]
[White "Alfram"]
[Black "bruno_borges"]
[Result "0-1"]
[WhiteElo "2078"]
[BlackElo "1982"]

1. e4 e5 2. Nf3 Nc6 3. Bb5 a6 4. Ba4 Nf6 5. O-O Nxe4 6. d4 b5 7. Bb3 d5 8. dxe5
Be6 9. c3 Bc5 10. Qd3 O-O 11. Be3 Na5 12. Nbd2 Bxe3 13. Qxe3 Nxd2 14. Nxd2 Qe7
15. Bc2 c5 16. Qd3 g6 17. Nf3 Nc4 18. b3 Bf5 19. Qe2 Bxc2 20. Qxc2 Nxe5 21. Nxe5
Qxe5 22. Rae1 Qf6 23. Re3 Rfe8 24. Rfe1 Qc6 25. Qd2 Re6 26. Kf1 Rae8 27. Rxe6
Rxe6 28. Rd1 Re5 29. g3 c4 30. b4 d4 31. Kg1 d3 32. Re1 Qe6 33. Rxe5 Qxe5 34. f3
f5 35. Kf2 Kg7 36. a3 h6 37. h4 Qe7 38. Kg2 g5 39. hxg5 hxg5 40. Qf2 Qe5 0-1

[Event "AUTO-MASTER-434"]
[Site "http://www.queenalice.com/game.php?id=321919"]
[Date "2007.12.17"]
[Round "1"]
[White "bruno_borges"]
[Black "Alfram"]
[Result "1-0"]
[WhiteElo "1999"]
[BlackElo "1993"]

1. e4 e5 2. Nf3 Nc6 3. Bb5 a6 4. Ba4 Nf6 5. O-O Nxe4 6. d4 b5 7. Bb3 d5 8. dxe5
Be6 9. Be3 Na5 10. Nd4 Bc8 11. e6 fxe6 12. Qh5+ g6 13. Qe5 Qf6 14. Qxc7 Nb7 15.
Qc6+ Kf7 16. Nxe6 Bxe6 17. Qxb7+ Be7 18. Bxd5 Bxd5 19. Qxd5+ Qe6 20. Qxe6+ Kxe6
21. Re1 Rhc8 22. f3 Nf6 23. Bc5+ 1-0

[Event "Challenge"]
[Site "http://www.queenalice.com/game.php?id=350463"]
[Date "2008.2.8"]
[Round "-"]
[White "Alfram"]
[Black "CesarLMarques"]
[Result "0-1"]
[WhiteElo "2065"]
[BlackElo "2360"]

1. c4 e5 2. Nc3 Nc6 3. Nf3 Nf6 4. d3 g6 5. g3 Bg7 6. Bg2 O-O 7. O-O d6 8. Rb1 a5
9. a3 Bf5 10. b4 axb4 11. axb4 e4 12. Nh4 Be6 13. Nxe4 Nxe4 14. Bxe4 Ra2 15. Qb3
Rxe2 16. Bb2 Bxc4 17. dxc4 Rxe4 18. Bxg7 Kxg7 19. Qc3+ Qf6 20. Qxf6+ Kxf6 21.
Rfc1 Ne5 0-1